Central Library OPAC University of Rajshahi

Gardner's Art through the ages / (Record no. 62072)

MARC details
000 -LEADER
fixed length control field 00820nam a2200265 a 4500
001 - CONTROL NUMBER
control field 62072
003 - CONTROL NUMBER IDENTIFIER
rucl marc code BD-RjUL
005 - DATE AND TIME OF LATEST TRANSACTION
control field 20211209081036.0
008 - FIXED-LENGTH DATA ELEMENTS--GENERAL INFORMATION
fixed length control field 170122s1970 nyuabce b 001 0 eng d
020 ## - INTERNATIONAL STANDARD BOOK NUMBER
International Standard Book Number 0155037528
035 ## - SYSTEM CONTROL NUMBER
System control number (BD-RjUL)62197
040 ## - CATALOGING SOURCE
Original cataloging agency LC
Language of cataloging eng
Transcribing agency LC
Modifying agency NU
-- BD-RjUL
041 ## - LANGUAGE CODE
Language code of text/sound track or separate title eng
082 00 - DEWEY DECIMAL CLASSIFICATION NUMBER
Classification number 709
Edition number 23
Author mark and year GAG 1970
100 1# - MAIN ENTRY--PERSONAL NAME
Personal name Gardner, Helen
Dates associated with a name -1946.
9 (RLIN) 184653
245 10 - TITLE STATEMENT
Title Gardner's Art through the ages /
Statement of responsibility, etc. Helen Gardner ; Rev. by Horst de la Croix & Richard G. Tansey.
250 ## - EDITION STATEMENT
Edition statement 5th ed.
260 ## - PUBLICATION, DISTRIBUTION, ETC. (IMPRINT)
Place of publication, distribution, etc. New York :
Name of publisher, distributor, etc. Harcourt, Brace & World,
Date of publication, distribution, etc. c1970
300 ## - PHYSICAL DESCRIPTION
Pagination xiii, 801 p. :
Illustrations ill. ;
Size 27 cm.
504 ## - BIBLIOGRAPHY, ETC. NOTE
Bibliography, etc Bibliography: p. 761-769 and index.
650 #0 - SUBJECT ADDED ENTRY--TOPICAL TERM
Topical term or geographic name as entry element Art
General subdivision History.
9 (RLIN) 184654
700 1# - ADDED ENTRY--PERSONAL NAME
Personal name De la Croix, Horst.
Personal name Tansey, Richard G.
942 ## - ADDED ENTRY ELEMENTS (KOHA)
Source of classification or shelving scheme Dewey Decimal Classification
Koha item type Books
Holdings
Lost status Source of classification or shelving scheme Damaged status Not for loan Collection code Permanent Location Current Location Shelving location Date acquired Source of acquisition Total Checkouts Full call number Date last seen Copy number Koha item type
  Dewey Decimal Classification   Not For Loan Non-fiction Central Library, University of Rajshahi Central Library, University of Rajshahi Reading Room 14/06/1994 Asia Foundation   709 GAG 1970 22/01/2017 C-1 Books